Music Quiz

Random Music or Kpop Quiz
Score 0/15 Timer 20:00
0 Plays Today
Question Answer Wrong Answers
PENTAGON WOOSEOK/YUTO/YANAN
48%
KINO/SHINWON
11.8%
HONGSEOK/YEOONE
9.9%
HUI/JINHO
29.6%
WAYV LUCAS/TEN
46.1%
HENDERY
11.2%
KUN/XIAOJUN
13.2%
WINWIN/YANGYANG
28.3%
ASTRO ROCKY/EUNWOO
44.7%
MOONBIN/MJ
28.9%
SANHA
14.5%
JINJIN
9.9%
BLOCK B ZICO/TAEIL
44.1%
B-BOMB/JAEHYO
14.5%
P.O
21.7%
KYUNG/U-KWON
17.1%
SF9 ZUHO/ROWOON/HWIYOUNG
39.5%
DAWON/CHANI
21.1%
YOUNGBIN/INSEONG
13.8%
TAEYANG/JAEYOON
21.7%
NCT 127 DOYOUNG/JOHNNY/YUTA
39.5%
HAECHAN/TAEYONG/MARK
35.5%
TAEIL/WINWIN
7.2%
JAEHYUN/JUNGWOO
17.1%
GOT7 JACKSON/YUGYEOM
34.2%
YOUNGJAE/JB
25.7%
BAMBAM/MARK
24.3%
JINYOUNG
13.2%
BTS V/SUGA
34.2%
RM
11.2%
JUNGKOOK/JIN
31.6%
J-HOPE/JIMIN
22.4%
EXO CHANYEOL/SEHUN
32.9%
SUHO/LAY/CHEN
20.4%
KAI/BAEKHYUN
26.3%
XIUMIN/D.O
19.7%
MONSTA X HYUNGWON/I.M
30.3%
SHOWNU/JOOHONEY
29.6%
MINHYUK/KIHYUN
23.7%
WONHO
14.5%
B.A.P HIMCHAN/YONGGUK
29.6%
JONGUP
13.2%
DAEHYUN
26.3%
YOUNGJAE/ZELO
27%
BIGBANG T.O.P
25%
G-DRAGON
45.4%
DAESUNG
9.2%
TAEYANG
17.8%
VIXX RAVI
20.4%
N/HONGBIN
32.9%
HYUK
10.5%
KEN/LEO
33.6%
NCT DREAM JENO
19.7%
CHENLE/JISUNG
19.7%
HAECHAN
17.1%
RENJUN/JAEMIN
42.1%
SHINEE MINHO
18.4%
KEY
26.3%
ONEW/JONGHYUN
25%
TAEMIN
29.6%

You're not logged in!

Compare scores with friends on all Sporcle quizzes.
OR
Log In

Sporcle TV

Today on Sporcle TV


Watch our educational content, quiz creation guides, and fun videos on Sporcle TV.

Show Comments

Extras

Created Sep 19, 2019ReportNominate
Tags:Kpop Quiz, Kpop Idol

Top Quizzes Today


Score Distribution

Paid Content

Your Account Isn't Verified!

In order to create a playlist on Sporcle, you need to verify the email address you used during registration. Go to your Sporcle Settings to finish the process.

Report this User

Report this user for behavior that violates our Community Guidelines.

Details: